Quizzes
Events
Quiz Creation
Community
Videos
Private Events
Remove Ads
Sign In
Join for FREE
Feedback
Dark Mode
Quiz Categories
Sports
Geography
Music
Movies
Television
Just For Fun
Miscellaneous
History
Literature
Language
Science
Gaming
Entertainment
Religion
Holiday
For Kids
Quiz Lab
Recent
Popular Today
Quiz Kudos Today
Editor Picks
Curator Picks
Quizzes by...
Day
Popularity
Type
Ratings
Length
Year
Community
Subscriptions
Recent Discussions
Orange Saloon
Badges
Playlists
Quests
Create
Leaderboards
Showdown
Live 5
Trivia Bingo
Activity
Puzzle Library
Sporcle Events
Private Events
Virtual Trivia
Globe League
Become a Host
Pub Owners
SporcleCon
Opinionation
Our Games
Videos
Blog
Mobile Apps
Partnerships
Remove Ads and Go Orange
Feedback
Sports
Athletes
MLB
NBA
NHL
NFL
Soccer
Sports Teams
WWE
NCAA
Football
Premier League
Basketball
Baseball
Hockey
Golf
Tennis
Cricket
Rugby
Auto Racing
Olympics
World Cup
Sports
Athletes
MLB
NBA
NHL
NFL
Soccer
Sports Teams
WWE
NCAA
Football
Premier League
Basketball
Baseball
Hockey
Golf
Tennis
Cricket
Rugby
Auto Racing
Olympics
World Cup
Random Quiz
Search Sporcle
×
Quiz Lab
Quiz Lab
Sports
College
Type in answers that appear in a list
Type in answers that appear in a list
Classic
Best Score? Go Orange.
NIT 10 Or More Bids Stats
Can you name the NIT 10 Or More Bids?
By
marothisu
10m
62 Questions
82 Plays
82 Plays
82 Plays
Comments
Comments
Give Quiz Kudos
Give Quiz Kudos
-
- Ratings
hide this ad
More Info
Replay
Link that replays current quiz
Next Quiz
Link to next quiz in quiz playlist
You Got
0%
They Got
Avg Score
62%
Avg Friend Score
Upgrade to see
Score Distribution
Jump to the score distribution portion of the page
Score
0/62
Timer
10:00
0
Plays Today
Bids
School
% Correct
11
Boston College
86.6%
13
Virginia
85.4%
11
Alabama
85.4%
11
Utah
85.4%
11
Arizona State
84.1%
11
Oklahoma State
84.1%
13
Minnesota
82.9%
11
Georgia
82.9%
17
Nebraska
81.7%
14
Clemson
81.7%
12
Syracuse
81.7%
28
St. John's
80.5%
12
Virginia Tech
80.5%
11
Georgetown
80.5%
10
Cincinnati
79.3%
10
Michigan
79.3%
10
Penn State
79.3%
15
Villanova
78%
12
NC State
78%
17
Memphis
76.8%
11
Notre Dame
76.8%
10
UNLV
76.8%
17
Temple
75.6%
15
West Virginia
75.6%
11
South Carolina
75.6%
10
BYU
75.6%
10
Ole Miss
75.6%
14
Louisville
74.4%
11
Tennessee
73.2%
12
Connecticut
72%
10
Creighton
69.5%
Bids
School
% Correct
16
DePaul
68.3%
14
Rutgers
68.3%
16
Seton Hall
67.1%
18
Providence
65.9%
23
Dayton
64.6%
19
New Mexico
62.2%
13
Western Kentucky
62.2%
15
Marquette
61%
12
Wichita State
61%
14
Saint Joseph's
59.8%
11
Vanderbilt
58.5%
10
Tulsa
58.5%
11
Massachusetts
57.3%
11
UAB
54.9%
10
UTEP
53.7%
21
Bradley
51.2%
18
Saint Louis
50%
14
Rhode Island
50%
11
La Salle
47.6%
11
Illinois State
37.8%
16
Fordham
31.7%
15
St. Bonaventure
31.7%
17
Duquesne
29.3%
10
Old Dominion
25.6%
12
Holy Cross
24.4%
18
Manhattan
23.2%
10
Long Island
22%
13
Niagara
17.1%
14
Bowling Green
13.4%
10
Miami (FL)
12.2%
12
Saint Peter's
8.5%
Quiz Playlist
Details
Report
Send in Message
Add To Playlist
More Info:
Totals were compiled starting with the link above, for every NIT article.
Classic:
Type in answers that appear in a list
Quiz Source
Last Updated: Feb 16, 2017
Quiz Scoreboard
CHALLENGE
Sign Up to Join the Scoreboard
Show All
Scores
Hide
Comments
May contain spoilers
Recently Published
9x9 Crossword: Cartoon Network
by jackfrog10
Miscellaneous
3m
College Basketball Coaching Resumes
by pancakes188
Sports
9m
Billboard Blitz: Fleetwood Mac
by CooCooCachoo
Music
15s
More to Explore
Quiz From the Vault
Featured Blog Post
Where Did the Easter Bunny Come From?
hide this ad
You Might Also Like...
Tags
Basketball Quiz
College Quiz
NCAA Basketball
nit
postseason
Today's Top Quizzes in Sports
Browse Sports
hide this ad
Today's Top Quizzes in College
Browse College
Top Contributed Quizzes in Sports
1
2022 World Cup Stars
2
Les meilleurs buteurs des matchs entre le PSG et l’OM
3
FIFA Club World Cup Champions
4
Les entraîneurs de l'OM et du PSG au 21e siècle
5
Criteria MLB: Left Handed Sluggers
6
AFC Teams Reveal (Wrong Answers Minefield)
7
2023 MLB Unique Player Accomplishments
8
5-to-1: FBS Animal Nicknames
9
Players with Multiple 50 Home Run Seasons
10
5-to-1: UK Sports Teams
Explore More
Trending Topics
Kpop
Anime
Harry Potter
NBA
Disney
Marvel
Crossword
WWE
The Office
Song
Soccer
Country
Pokémon
NFL
Puzzle
hide this ad
More By:
marothisu
Quiz
Plays
Rating
Category
Featured
Created
US Cities with the Most 500+ Foot Tall Buildings
858
4.10
Geography
Jul 4, 2011
2010 United States Census: 100 Largest Cities
725
3.83
Geography
Apr 2, 2011
Countries/Territories with the Most Wide Body Aircraft
511
3.71
Geography
Mar 4, 2012
Largest United States Cities of 1850
442
4.36
Geography
Dec 18, 2009
Top 25 Largest Canadian Metro Areas (2006)
344
5.00
Geography
Apr 16, 2011
Go to Creator's Profile
Score Distribution
Quiz Creator Spotlight
marothisu
Follow
Send a Message
Quizzes Created
-
Created Quiz Play Count
-
More By This Creator
Popular Quizzes Today
1
Find the US States - No Outlines Minefield
2
Find the Countries of Europe - No Outlines Minefield
3
The Countries of the World
4
Find the US States
5
Risky Map Clicking: Biggest States A-Z
6
US States
7
Popular People in 1961
8
Movies - When Are They Set?
More Sports Quizzes
F1 2010s Debuts
Editor's Pick
Trending Quizzes
Risky Map Clicking: Least Populous States A-Z
1-10 Letter G Words
1-10 Letter F Words
Risky Map Clicking: Next State Alphabetically
Adjectives in 80s TV Shows
Recently Updated
Leaping Animals
pecheneg
Reality TV Shows (A-Z)
bhenderson79
Rickey Henderson's Hall of Fame Teammates
pecheneg
Champions League XIs: Arsenal
pecheneg
Quick Pick: Celebrities in WWE's Hall of Fame
aduchscher
A-Z Keypad Blitz II
pecheneg
Multiple Oscar Actors
pecheneg
Mystery Phrase Blitz: Oscar 'Best Actors'
pecheneg
F. Scott Fitzgerald Novels
LTH
Pick 3 Villains
ddd62291
Trending Topics
Marvel
Crossword
Harry Potter
Disney
Anime
NBA
Kpop
Song
Pokémon
Puzzle
The Office
NFL
WWE
Soccer
Country
Your Account Isn't Verified!
In order to create a playlist on Sporcle, you need to verify the email address you used during registration. Go to your
Sporcle Settings
to finish the process.
Report this User
Report this user for behavior that violates our
Community Guidelines
.
Details:
Send Report
Go to the Sporcle.com Mobile Site →
Comments